Wszystkie Piosenki zespołu ABBA - Statystyki

Ogólne statystyki
  • Ten quiz został rozwiązany 913 razy
  • Średni wynik to 18 z 104
Statystyki odpowiedzi
Rok Numer Piosenki Album Piosenka % Poprawnych
1974 15 Waterloo Waterloo
84%
1975 26 Abba Mamma Mia
81%
1976 41 Arrival Dancing Queen
75%
1979 62 Voulez Vous Voulez Vous
70%
1976 45 Arrival Money Money Money
64%
1980 75 Super Trouper Super Trouper
62%
1973 1 Ring Ring Ring Ring
55%
1980 76 Super Trouper The Winner Takes it all
52%
1976 39 Arrival Fernando
47%
1975 29 Abba SOS
46%
1974 21 Waterloo Honey Honey
42%
1980 83 Super Trouper Lay All your love on me
42%
1979 64 Voulez Vous Angeleyes
37%
1979 68 Voulez Vous Chiquitita
36%
1979 66 Voulez Vous Does your Mother Know
36%
1976 44 Arrival Knowing Me Knowing You
36%
1977 52 Album Take a Chance on Me
36%
1976 49 Arrival Arrival
33%
1977 57 Album Thank you for the Music
32%
1979 63 Voulez Vous I Have A Dream
29%
1980 81 Super Trouper Our Last Summer
29%
1976 40 Arrival When I Kissed the Teacher
29%
1981 92 The Visitors One of Us
28%
1981 94 The Visitors Slipping through my fingers
27%
1980 80 Super Trouper Happy New Year
23%
1975 32 Abba I do i do i do i do i do
21%
1977 54 Album The Name of the Game
21%
1977 51 Album Eagle
19%
1974 18 Waterloo Hasta Manana
18%
1976 42 Arrival My Love My Life
18%
1979 60 Voulez Vous Summer Night City
18%
1981 101 The Visitors Under Attack
18%
1980 78 Super Trouper Andante Andante
16%
1973 4 Ring Ring People Need Love
15%
1981 100 The Visitors The Day Before You came
15%
1981 88 The Visitors Head Over Heels
14%
1981 87 The Visitors Visitors
13%
1975 35 Abba I've been waiting for you
12%
1975 36 Abba So Long
12%
1979 61 Voulez Vous As Good As new
11%
1979 70 Voulez Vous Kisses of Fire
11%
1976 46 Arrival That's Me
11%
1976 48 Arrival Tiger
11%
1981 89 The Visitors When All Is Said and Done
11%
1975 31 Abba Bang a Boomerang
10%
1976 43 Arrival Dum Dum Diddle
10%
1979 67 Voulez Vous If It Wasn't for the Nights
10%
1974 17 Waterloo King Kong Song
10%
1980 79 Super Trouper Me and I
10%
1974 19 Waterloo My Mama said
10%
1973 6 Ring Ring Nina Pretty Ballerina
10%
1980 77 Super Trouper On and On and On
10%
1976 47 Arrival Why Did It have to be Me?
10%
1976 50 Arrival Happy Hawai
9%
1979 71 Voulez Vous Lovelight
9%
1977 53 Album One Man One Woman
9%
1979 65 Voulez Vous The King Has lost his crown
9%
1980 82 Super Trouper The Piper
9%
1973 3 Ring Ring Disillusion
8%
2021 103 Voyage Don't Shut me Down
8%
1975 27 Abba Hey Hey Helen
8%
1977 58 Album I Wonder
8%
1974 16 Waterloo Sitting in the Palmtree
8%
1973 2 Ring Ring Another Town Another Train
7%
1981 99 The Visitors Cassandra
7%
1980 85 Super Trouper Elaine
7%
1979 73 Voulez Vous Gimmie Gimmie Gimmie A Man After Midnight
7%
1973 9 Ring Ring He is your Brother
7%
1977 59 Album I'm a Marionette
7%
1973 8 Ring Ring Me And Bobby and Bobby's Brother
7%
1975 33 Abba Rock Me
7%
1974 22 Waterloo Watch Out
7%
1974 23 Waterloo What About Livingstone?
7%
1973 11 Ring Ring I am Just a Girl
6%
1977 55 Album Move On
6%
1973 14 Ring Ring Santa Rosa
6%
1981 90 The Visitors Soldiers
6%
1974 25 Waterloo Suzy Hang Around
6%
1975 28 Abba Tropical Loveland
6%
1975 37 Abba Crazy World
5%
1974 20 Waterloo Dance (While the music still goes on)
5%
1974 24 Waterloo Gonna Sing you my lovesong
5%
1981 91 The Visitors I Let the Music Speak
5%
1975 34 Abba Intermezzo No.1
5%
1973 5 Ring Ring I Saw it in the Mirror
5%
1975 30 Abba Man in the Middle
5%
1980 86 Super Trouper Put on your White Sombrero
5%
1973 12 Ring Ring Rock'n Roll Band
5%
1980 84 Super Trouper The Way old friends Do
5%
1979 72 Voulez Vous Dream World
4%
1975 38 Abba Medley
4%
1973 13 Ring Ring Merry go round
4%
1981 96 The Visitors Schould i Laugh or Cry
4%
1979 74 Live at Wembley Arena I'm Still Alive
3%
2021 102 Voyage I Stil Have Faith in you
3%
1973 7 Ring Ring Love Isn't Easy (But It Sure Is Hard Enough)
3%
1979 69 Voulez Vous Lovers Live a Little Longer
3%
1973 10 Ring Ring She's my Kind of Girl
3%
1977 56 Album Hole in you soul
2%
1981 97 The Visitors I Am the City
2%
2021 104 Voyage Just A Noition
2%
1981 95 The Visitors Like an Angel Passing trought my Room
2%
1981 93 The Visitors Two for the Price of One
2%
1981 98 The Visitors You Owe Me One
2%
Nie znaleziono quizów pasujących do podanych kryteriów
Rozkład punktacji
Procent ludzi z każdym wynikiem
Percentyl według liczby udzielonych odpowiedzi
Twoja historia wyników
Nie rozwiązałeś tego quizu